Statistics for Movies by Directors #1

Click here to take the quiz!

General Stats

  • This quiz has been taken 717 times
  • The average score is 15 of 25

Answer Stats

MovieDirector% Correct
E.T. the Extra-Terrestrial (1982)Steven Spielberg
97%
Pulp Fiction (1994)Quentin Tarantino
92%
The Shining (1980)Stanley Kubrick
87%
THX 1138 (1971)George Lucas
86%
Godfather: Part II (1974)Francis Ford Coppola
84%
LOTR: The Fellowship of the Ring (2001)Peter Jackson
84%
Rear Window (1954)Alfred Hitchcock
83%
Citizen Kane (1941)Orson Welles
83%
Alien (1979)Ridley Scott
83%
Annie Hall (1977)Woody Allen
83%
Goodfellas (1990)Martin Scorsese
81%
Memento (2000)Christopher Nolan
77%
Terminator 2: Judgment Day (1991)James Cameron
77%
Forrest Gump (1994)Robert Zemeckis
67%
Eraserhead (1977)David Lynch
60%
Yojimbo (1961)Akira Kurosawa
48%
Chasing Amy (1997)Kevin Smith
39%
Hostel (2005)Eli Roth
33%
Dazed and Confused (1993)Richard Linklater
32%
Funny Games (1997)Michael Haneke
27%
The Empire Strikes Back (1980)Irvin Kershner
23%
Chungking Express (1994)Wong Kar-wai
20%
Welcome to the Dollhouse (1995)Todd Solondz
8%
Wet Hot American Summer (2001)David Wain
6%
Farewell My Concubine (1993)Chen Kai-ge
4%

Score Distribution

Percentile by Number Answered

Percent of People with Each Score

Your Score History

You have not taken this quiz